Loading...
Science - Physics | 1 | 2 | 3 | 0 | 20 | 21 | 93.33 | 1 | 2 |
Beliefs | 0 | 2 | 1 | 0 | 15 | 137 | 137.00 | 0 | 1 |
Fine Arts - Visual Fine Arts | 0 | 2 | 1 | 0 | 15 | 110 | 114.00 | 0 | 0 |
Social Science | 0 | 2 | 1 | 1 | 15 | 131 | 139.50 | 0 | 0 |
Fine Arts - Classical Music and Opera | 0 | 1 | 0 | 0 | 10 | 123 | 123.00 | 0 | 1 |
History - US History | 0 | 1 | 0 | 0 | 10 | 129 | 129.00 | 0 | 0 |
Modern World | 0 | 1 | 0 | 1 | 10 | 85 | 85.00 | 0 | 0 |
Science - Chemistry | 0 | 1 | 0 | 0 | 10 | 102 | 102.00 | 1 | 1 |
Fine Arts - Other Fine Arts | 0 | 1 | 0 | 0 | 10 | 85 | 85.00 | 0 | 1 |
Science - Other Science | 0 | 1 | 2 | 0 | 0 | 69 | 69.00 | 0 | 0 |
Literature - World Literature | 0 | 0 | 0 | 0 | 0 | 0.00 | 0 | 0 | |
Science - Astronomy | 0 | 0 | 1 | 0 | -5 | 0.00 | 0 | 0 | |
History - European History | 0 | 0 | 1 | 0 | -5 | 0.00 | 0 | 0 | |
History - Other History | 0 | 0 | 1 | 0 | -5 | 0.00 | 0 | 0 | |
Literature - American Literature | 0 | 0 | 1 | 0 | -5 | 0.00 | 0 | 0 | |
Philosophy | 0 | 0 | 1 | 0 | -5 | 0.00 | 0 | 0 | |
Geography | 0 | 0 | 2 | 0 | -10 | 0.00 | 0 | 0 |